Solid and Fluid Mechanics/ (Record no. 2122)
[ view plain ]
| 000 -LEADER | |
|---|---|
| Fixed length control field | 00427nam a2200157 4500 |
| 003 - CONTROL NUMBER IDENTIFIER | |
| Control field | SEACOMEC |
| 005 - DATE AND TIME OF LATEST TRANSACTION | |
| Control field | 20250325132515.0 |
| 008 - FIXED-LENGTH DATA ELEMENTS--GENERAL INFORMATION | |
| Fixed length control field | 250325b |||||||| |||| 00| 0 eng d |
| 020 ## - INTERNATIONAL STANDARD BOOK NUMBER / ISBN | |
| Price | 250.00 |
| 040 ## - CATALOGING SOURCE | |
| Original cataloging agency | SEACOMEC |
| 082 ## - DEWEY DECIMAL CLASSIFICATION NUMBER | |
| Classification number | 531 |
| Book Number | B575 |
| 100 ## - MAIN ENTRY--PERSONAL NAME | |
| Personal name | Bhavikatti, S S |
| 245 ## - TITLE STATEMENT | |
| Title | Solid and Fluid Mechanics/ |
| Statement of responsibility | S S Bhavikatti & C.P. Kothandaraman |
| 260 ## - IMPRINT | |
| Place of publication | New Delhi : |
| Name of publisher | New Age International, |
| Date of publication | 2009 |
| 942 ## - ADDED ENTRY ELEMENTS (KOHA) | |
| Koha item type | Books |
| Withdrawn status | Lost status | Source of classification | Damaged status | Not for loan | Home library | Current library | Date acquired | Total Checkouts | Call number | Accession number | Date last seen | Price effective from | Koha item type | Copy number |
|---|---|---|---|---|---|---|---|---|---|---|---|---|---|---|
| Dewey Decimal Classification | SEACOM ENGINEERING COLLEGE | SEACOM ENGINEERING COLLEGE | 19/09/2009 | 531 B575 | 14939 | 25/03/2025 | 25/03/2025 | Reference Books | ||||||
| Dewey Decimal Classification | SEACOM ENGINEERING COLLEGE | SEACOM ENGINEERING COLLEGE | 19/09/2009 | 531 B575 | 14940 | 25/03/2025 | 25/03/2025 | Books | 1 | |||||
| Dewey Decimal Classification | SEACOM ENGINEERING COLLEGE | SEACOM ENGINEERING COLLEGE | 19/09/2009 | 531 B575 | 14941 | 25/03/2025 | 25/03/2025 | Books | 2 | |||||
| Dewey Decimal Classification | SEACOM ENGINEERING COLLEGE | SEACOM ENGINEERING COLLEGE | 19/09/2009 | 531 B575 | 14942 | 25/03/2025 | 25/03/2025 | Books | 3 | |||||
| Dewey Decimal Classification | SEACOM ENGINEERING COLLEGE | SEACOM ENGINEERING COLLEGE | 19/09/2009 | 531 B575 | 14943 | 25/03/2025 | 25/03/2025 | Books | 4 |
